Estadísticas para Socios Comerciales más Grandes - Turquía

Haz click aquí para intentar la prueba.

Estadísticas generales

  • Esta prueba ha sido intentada 107 veces
  • La puntuación promedio es 19 de 22

Estadísticas de respuestas

ExportacionesImportacionesPaís% Correcto
25.6China
99%
15.2Rusia
99%
14.021.5Alemania
96%
4.995.68España
96%
6.6310.9Estados Unidos
95%
6.037.36Francia
94%
7.5810.2Italia
93%
5.76India
89%
7.64Irak
88%
4.974.70Irán
88%
11.75.32Reino Unido
88%
3.176.38Arabia Saudita
87%
3.94Japón
87%
2.73Egipto
85%
2.96Israel
83%
6.38Corea del Sur
79%
2.653.24Polonia
74%
5.413.70Emiratos Árabes
Unidos
70%
3.593.00Países Bajos
68%
2.67Rumania
67%
3.20Bélgica
65%
2.68Suiza
61%

Distribución de puntuación

Porcentaje por número respondido

Porcentaje de gente con cada puntuación

Historial de tus puntuaciones

No has intentado esta prueba.